000 00330nam a2200157Ia 4500
008 151213s9999 xx 000 0 und d
100 _aBoz
245 _aSketches
_cBoz
250 _a1St
260 _aLondon
_bC. Hall
_c1910
300 _a4365 p.
650 _aEnglish
650 _aLiterature
700 _aBoz
999 _c2778
_d2778